Catholic University of Zimbabwe Library
Online Public Access Catalogue
(OPAC)

Foundations of Business Law and Legal Environment (Record no. 19557)

MARC details
000 -LEADER
fixed length control field 03798nam a2200493 4500
001 - CONTROL NUMBER
control field OTLid0000129
003 - CONTROL NUMBER IDENTIFIER
control field MnU
005 - DATE AND TIME OF LATEST TRANSACTION
control field 20201105133259.0
006 - FIXED-LENGTH DATA ELEMENTS--ADDITIONAL MATERIAL CHARACTERISTICS
fixed length control field m o d s
008 - FIXED-LENGTH DATA ELEMENTS--GENERAL INFORMATION
fixed length control field 180907s2012 mnu o 0 0 eng d
020 ## - INTERNATIONAL STANDARD BOOK NUMBER
International Standard Book Number
040 ## - CATALOGING SOURCE
Original cataloging agency MnU
Language of cataloging eng
Transcribing agency MnU
050 #4 - LIBRARY OF CONGRESS CALL NUMBER
Classification number HF5001
050 #4 - LIBRARY OF CONGRESS CALL NUMBER
Classification number KF385.A4
050 #4 - LIBRARY OF CONGRESS CALL NUMBER
Classification number K3154
050 #4 - LIBRARY OF CONGRESS CALL NUMBER
Classification number K623
050 #4 - LIBRARY OF CONGRESS CALL NUMBER
Classification number K3400
050 #4 - LIBRARY OF CONGRESS CALL NUMBER
Classification number KB3790
050 #4 - LIBRARY OF CONGRESS CALL NUMBER
Classification number K7265
100 1# - MAIN ENTRY--PERSONAL NAME
Personal name Mayer, Don
Relator term author
245 00 - TITLE STATEMENT
Title Foundations of Business Law and Legal Environment
Statement of responsibility, etc. Don Mayer
264 #2 - PRODUCTION, PUBLICATION, DISTRIBUTION, MANUFACTURE, AND COPYRIGHT NOTICE
Name of producer, publisher, distributor, manufacturer Open Textbook Library
264 #1 - PRODUCTION, PUBLICATION, DISTRIBUTION, MANUFACTURE, AND COPYRIGHT NOTICE
Name of producer, publisher, distributor, manufacturer Saylor Foundation
300 ## - PHYSICAL DESCRIPTION
Extent 1 online resource
490 0# - SERIES STATEMENT
Series statement Open textbook library.
505 0# - FORMATTED CONTENTS NOTE
Formatted contents note Chapter 1: Introduction to Law and Legal Systems -- Chapter 2: Corporate Social Responsibility and Business Ethics -- Chapter 3: Courts and the Legal Process -- Chapter 4: Constitutional Law and US Commerce -- Chapter 5: Administrative Law -- Chapter 6: Criminal Law -- Chapter 7: Introduction to Tort Law -- Chapter 8: Introduction to Contract Law -- Chapter 9: The Agreement -- Chapter 10: Real Assent -- Chapter 11: Consideration -- Chapter 12: Legality -- Chapter 13: Form and Meaning -- Chapter 14: Third-Party Rights -- Chapter 15: Discharge of Obligations -- Chapter 16: Remedies -- Chapter 17: Products Liability -- Chapter 18: Relationships between Principal and Agent -- Chapter 19: Liability of Principal and Agent; Termination of Agency -- Chapter 20: Partnerships: General Characteristics and Formation -- Chapter 21: Partnership Operation and Termination -- Chapter 22: Hybrid Business Forms -- Chapter 23: Corporation: General Characteristics and Formation -- Chapter 24: Legal Aspects of Corporate Finance -- Chapter 25: Corporate Powers and Management -- Chapter 26: Securities Regulation -- Chapter 27: Corporate Expansion, State and Federal Regulation of Foreign Corporations, and Corporate Dissolution -- Chapter 28: Antitrust Law -- Chapter 29: Unfair Trade Practices and the Federal Trade Commission -- Chapter 30: Employment Law -- Chapter 31: Labor-Management Relations -- Chapter 32: International Law
520 0# - SUMMARY, ETC.
Summary, etc. Mayer, Warner, Siedel and Lieberman's Foundations of Business Law and the Legal Environment is an up-to-date textbook with comprehensive coverage of legal and regulatory issues for your introductory Legal Environment or Business Law course. The text is organized to permit instructors to tailor the materials to their particular approach. The authors take special care to engage students by relating law to everyday events with which they are already familiar with their clear, concise and readable style. Business Law and the Legal Environment provides students with context and essential concepts across a broad range of legal issues with which managers and business executives must grapple. The text provides the vocabulary and legal savvy necessary for business people to talk in an educated way to their customers, employees, suppliers, government officials - and to their own lawyers.
542 1# - INFORMATION RELATING TO COPYRIGHT STATUS
Copyright statement Attribution-NonCommercial-ShareAlike
546 ## - LANGUAGE NOTE
Language note In English.
588 0# - SOURCE OF DESCRIPTION NOTE
Source of description note Description based on online resource
650 #0 - SUBJECT ADDED ENTRY--TOPICAL TERM
Topical term or geographic name entry element Business
Form subdivision Textbooks
650 #0 - SUBJECT ADDED ENTRY--TOPICAL TERM
Topical term or geographic name entry element Law
Form subdivision Textbooks
Geographic subdivision United States
650 #0 - SUBJECT ADDED ENTRY--TOPICAL TERM
Topical term or geographic name entry element Constitutional Law
Form subdivision Textbooks
650 #0 - SUBJECT ADDED ENTRY--TOPICAL TERM
Topical term or geographic name entry element Civil Law
Form subdivision Textbooks
650 #0 - SUBJECT ADDED ENTRY--TOPICAL TERM
Topical term or geographic name entry element Administrative Law
Form subdivision Textbooks
650 #0 - SUBJECT ADDED ENTRY--TOPICAL TERM
Topical term or geographic name entry element Criminal Law
Form subdivision Textbooks
650 #0 - SUBJECT ADDED ENTRY--TOPICAL TERM
Topical term or geographic name entry element Contract Law
Form subdivision Textbooks
710 2# - ADDED ENTRY--CORPORATE NAME
Corporate name or jurisdiction name as entry element Open Textbook Library
Relator term distributor
856 40 - ELECTRONIC LOCATION AND ACCESS
Uniform Resource Identifier <a href="https://open.umn.edu/opentextbooks/textbooks/129">https://open.umn.edu/opentextbooks/textbooks/129</a>
Public note Access online version
Holdings
Withdrawn status Lost status Source of classification or shelving scheme Damaged status Not for loan Home library Shelving location Date acquired Total Checkouts Full call number Date last seen Uniform Resource Identifier Price effective from Koha item type
          Digital Library Online Access 05.11.2020   HF5001 05.11.2020 https://open.umn.edu/opentextbooks/textbooks/129 05.11.2020 eBook

OPENING HOURS

Weekdays: 0815hrs - 1800hrs
Weekends:0900hrs - 1200hrs

Closed for Mass:

Mon, Thur: 1200hrs - 1300hrs
Sunday & Public Holiday’s

CALL SUPPORT

0242-570570, 0242-570169
09200664, +263 8644140602

LOCATION

18443, Cranborne Avenue, Hatfield, Harare

Other Links


©2021 | CUZ Library